| 000 | 00416nam a22001697a 4500 | ||
|---|---|---|---|
| 003 | OSt | ||
| 005 | 20210118125514.0 | ||
| 007 | ta | ||
| 008 | 201126b |||er ||| 001 0 spa d | ||
| 040 |
_aDO-SdBNP _besp _cBNPHU |
||
| 082 |
_axxx _bM671i |
||
| 130 |
_aAnĂ³nimo. _977694 _lspa |
||
| 245 |
_aLa mirada interna / _cAnĂ³nimo |
||
| 260 |
_a[s.l.] _b[s.n.] _c[s.f.] |
||
| 300 |
_a[69 pag.] ; _c14 cm |
||
| 942 |
_2ddc _cLBS1 |
||
| 999 |
_c49209 _d49209 |
||